Les joueurs de l'équipe de France de football et leur numéro en 2021 - Statistiques

Statistiques générales
  • Ce quiz a été pris 1 095 fois
  • Le résultat moyen est 14 sur 26
Statistiques - réponses
Poste Numéro Joueur % Correct
G 1 Hugo Lloris
100%
D 2 Benjamin Pavard
90%
D 4 Raphaël Varane
88%
A 10 Kylian Mbappé
87%
A 7 Antoine Griezmann
86%
A 9 Olivier Giroud
83%
M 6 Paul Pogba
80%
D 3 Presnel Kimpembe
75%
A 11 Ousmane Dembélé
73%
G 16 Steve Mandanda
63%
M 13 N'Golo Kanté
61%
A 19 Karim Benzema
53%
D 21 Lucas Hernandez
53%
M 14 Adrien Rabiot
51%
G 23 Mike Maignan
51%
A 20 Kingsley Coman
43%
M 8 Thomas Lemar
42%
M 12 Corentin Tolisso
37%
D 5 Clément Lenglet
35%
A 26 Marcus Thuram
32%
A 22 Wissam Ben Yedder
29%
D 18 Lucas Digne
28%
D 25 Jules Koundé
25%
D 24 Léo Dubois
22%
M 17 Moussa Sissoko
21%
D 15 Kurt Zouma
18%
Aucun quiz correspondant
Distribution des résultats
% des personnes avec chaque résultat
Percentile par nombre de réponses
Votre historique - résultats
Vous n’avez pas pris ce quiz